000
00299nam a22001337a 4500
008
170609b xxu||||| |||| 00| 0 eng d
020
_a
9280810820
041
_a
eng
080
_a
328
100
_a
19
101
_a
SHP
245
_a
REFORMING AFRICA'S INSTITUTIONS
_c
MUGERWA,S.K
942
_2
udc
_c
BK
999
_c
16684
_d
16684